[Event "Barranquilla Carnaval Cup"]
[Site "Barranquilla"]
[Date "2024.02.05"]
[Round "5"]
[White "Barraza, Luis Alberto"]
[Black "Albor Rebolledo, Andrea Maria"]
[Result "1-0"]
[WhiteElo "1926"]
[BlackElo "1600"]
[PlyCount "53"]
[EventDate "2024.02.03"]
[EventType "swiss"]
[EventRounds "9"]
[EventCountry "COL"]
[SourceTitle "CB07_2024"]
[SourceDate "2024.02.14"]
[SourceVersion "1"]
[SourceVersionDate "2024.02.14"]
[SourceQuality "1"]

1. e4 c5 2. Nf3 e6 3. d4 cxd4 4. Nxd4 a6 5. Nc3 Qc7 6. Bd3 Nf6 7. Bg5 Be7 8. Qe2 d6 9. 0-0-0 Nbd7 10. Kb1 Nc5 11. f4 h6 12. e5 dxe5 13. fxe5 hxg5 14. exf6 gxf6 15. Rhe1 Nxd3 16. Rxd3 e5 17. Nd5 Qc5 18. Qf3 Rh4 19. Nxf6+ Kf8 20. Nb3 Qc4 21. Nd7+ Bxd7 22. Rxd7 e4 23. Qf5 Rf4 24. Qe5 Kg8 25. Qxe7 Rf1 26. Qxg5+ Kh8 27. Rdd1 1-0

[Event "COL-ch U20 Girls"]
[Site "Barranquilla"]
[Date "2022.07.07"]
[Round "2"]
[White "Hernandez Bermudez, Manuela"]
[Black "Albor Rebolledo, Andrea Maria"]
[Result "1-0"]
[WhiteElo "1871"]
[BlackElo "1612"]
[PlyCount "80"]
[EventDate "2022.07.06"]
[EventType "swiss"]
[EventRounds "9"]
[EventCountry "COL"]
[SourceTitle "EXT 2023"]
[Source "ChessBase"]
[SourceDate "2022.10.05"]
[SourceVersion "1"]
[SourceVersionDate "2022.10.05"]
[SourceQuality "1"]

1. e4 c5 2. Nf3 e6 3. d4 cxd4 4. Nxd4 a6 5. Nc3 Qc7 6. f4 Bc5 7. Nb3 Ba7 8. Qg4 Kf8 9. Bd3 Nf6 10. Qf3 d6 11. g4 Nc6 12. g5 Nd7 13. Bd2 b6 14. Rf1 Bb7 15. f5 Nde5 16. Qh3 Nxd3+ 17. cxd3 exf5 18. Qxf5 Ne5 19. Qh3 b5 20. Ne2 Qd7 21. Qg3 Qg4 22. Qxg4 Nxg4 23. Na5 Bc8 24. Bf4 Bc5 25. Nb3 Ne3 26. Nxc5 Ng2+ 27. Kd2 Nxf4 28. Nxf4 dxc5 29. Rac1 c4 30. dxc4 bxc4 31. Rxc4 g6 32. Rc7 Kg7 33. Rfc1 Re8 34. Ke3 a5 35. Kf3 Ba6 36. R1c6 Kg8 37. Nd5 Kg7 38. Rf6 Rf8 39. e5 Bc8 40. h4 Bf5 1-0

[Event "Barranquilla Region-ch (Women)"]
[Site "Barranquilla"]
[Date "2020.01.06"]
[Round "5"]
[White "Ladron De Guevara Mendez, Lorena"]
[Black "Albor Rebolledo, Andrea Maria"]
[Result "0-1"]
[WhiteElo "1327"]
[BlackElo "1646"]
[PlyCount "68"]
[EventDate "2020.01.04"]
[EventType "swiss"]
[EventRounds "6"]
[EventCountry "COL"]
[SourceTitle "CBM 194 Extra"]
[Source "ChessBase"]
[SourceDate "2020.03.31"]
[SourceVersion "1"]
[SourceVersionDate "2020.03.31"]
[SourceQuality "1"]

1. e4 c5 2. Nf3 e6 3. d4 cxd4 4. Nxd4 a6 5. a3 b5 6. c4 bxc4 7. Bxc4 Bb7 8. Nc3 Qc7 9. Ba2 Nf6 10. f3 Bc5 11. b4 Bxb4 12. axb4 Qxc3+ 13. Qd2 Qc7 14. 0-0 h6 15. Bb2 d6 16. Kh1 Nbd7 17. Rac1 Qb6 18. Rc2 0-0 19. Rfc1 Rfc8 20. Rxc8+ Rxc8 21. Rxc8+ Bxc8 22. Bc4 Ne5 23. Qc3 Bb7 24. Ba3 Qc7 25. Bb2 Qxc4 26. Qxc4 Nxc4 27. Bc3 Kf8 28. Kg1 Ke7 29. Kf2 Bxe4 30. fxe4 Nxe4+ 31. Kf3 Nxc3 32. Nc6+ Ke8 33. Nb8 a5 34. bxa5 Nxa5 0-1

[Event "Barranquilla Region-ch (Women)"]
[Site "Barranquilla"]
[Date "2020.01.05"]
[Round "4"]
[White "Albor Rebolledo, Andrea Maria"]
[Black "Caicedo Anguila, Juliana Andrea"]
[Result "1/2-1/2"]
[WhiteElo "1646"]
[BlackElo "1566"]
[PlyCount "124"]
[EventDate "2020.01.04"]
[EventType "swiss"]
[EventRounds "6"]
[EventCountry "COL"]
[SourceTitle "CBM 194 Extra"]
[Source "ChessBase"]
[SourceDate "2020.03.31"]
[SourceVersion "1"]
[SourceVersionDate "2020.03.31"]
[SourceQuality "1"]

1. e4 e6 2. d4 d5 3. Nc3 dxe4 4. Nxe4 Nd7 5. Nf3 Ngf6 6. Ng3 Be7 7. Bd3 b6 8. 0-0 Bb7 9. c4 0-0 10. Be3 c5 11. Qe2 Qc7 12. Rac1 Rfe8 13. Qc2 Bd6 14. dxc5 bxc5 15. Rfd1 h6 16. Qd2 Bxg3 17. hxg3 e5 18. Bf5 Rad8 19. b3 e4 20. Nh2 Ne5 21. Qe2 Nd3 22. Rb1 Rd6 23. Ng4 Nxg4 24. Qxg4 Red8 25. Qe2 Rf6 26. Bh3 a6 27. a3 Rfd6 28. Bd2 Rf6 29. Rf1 g5 30. Bg4 Qe5 31. b4 Rfd6 32. bxc5 Nxc5 33. Bb4 Ba8 34. Qe3 Rc6 35. Rfd1 Nd3 36. Rb3 f6 37. c5 Kg7 38. f3 Qxg3 39. Rf1 Nf4 40. Rb2 Rd3 41. Qxe4 Re6 42. Qxa8 Ne2+ 43. Kh1 Qh4+ 44. Bh3 Ng3+ 45. Kg1 Ne2+ 46. Rxe2 Rxe2 47. Qb7+ Kg6 48. Qc8 Qd4+ 49. Kh1 Rd1 50. Qg8+ Kh5 51. Qf7+ Kh4 52. Rxd1 Qxd1+ 53. Kh2 Qd4 54. Qc7 Qf2 55. Qd6 Re5 56. Qd2 Re2 57. Qd6 Re5 58. Qd2 Re2 59. Qd5 Qg3+ 60. Kh1 Re1+ 61. Bxe1 Qxe1+ 62. Kh2 Qg3+ 1/2-1/2

[Event "Medellin Raza op 9th"]
[Site "Medellin"]
[Date "2019.10.13"]
[Round "5"]
[White "Albor Rebolledo, Andrea Maria"]
[Black "Sanchez Arroyave, Juan Pablo"]
[Result "0-1"]
[WhiteElo "1671"]
[BlackElo "1802"]
[PlyCount "88"]
[EventDate "2019.10.11"]
[EventType "swiss"]
[EventRounds "8"]
[EventCountry "COL"]
[SourceTitle "CBM 192 Extra"]
[Source "Chessbase"]
[SourceDate "2019.11.06"]
[SourceVersion "1"]
[SourceVersionDate "2019.11.06"]
[SourceQuality "1"]

1. e4 d5 2. exd5 Qxd5 3. Nc3 Qa5 4. d4 c6 5. Nf3 Nf6 6. Be2 Bf5 7. Bd2 Qc7 8. Be3 e6 9. Bd3 Bg6 10. Qe2 Bd6 11. h3 Nbd7 12. a3 0-0 13. 0-0 Rfe8 14. Qd2 Nb6 15. Rfe1 a6 16. Ne5 Nbd5 17. Nxd5 cxd5 18. Bf4 Bxd3 19. Nxd3 Ne4 20. Bxd6 Nxd6 21. c3 Qc4 22. Qc2 f6 23. a4 Rac8 24. Nc5 Rxc5 25. dxc5 Qxc5 26. Rad1 Ne4 27. Qe2 f5 28. Qe3 Qc6 29. a5 Qb5 30. f3 Nd6 31. b4 Nc4 32. Qd4 Kf7 33. f4 Nd6 34. Qd3 Qxd3 35. Rxd3 Ne4 36. Rc1 Rc8 37. Kf1 Rc4 38. Ke2 h5 39. g3 Ke7 40. Rd4 Nxc3+ 41. Ke3 Rxd4 42. Rxc3 Re4+ 43. Kd3 Kd7 44. Rc2 Rxb4 0-1

[Event "Medellin Raza op 9th"]
[Site "Medellin"]
[Date "2019.10.11"]
[Round "1"]
[White "Albor Rebolledo, Andrea Maria"]
[Black "Aponte Castillo, Jose Ernesto"]
[Result "0-1"]
[WhiteElo "1671"]
[BlackElo "2094"]
[PlyCount "86"]
[EventDate "2019.10.11"]
[EventType "swiss"]
[EventRounds "8"]
[EventCountry "COL"]
[SourceTitle "CBM 192 Extra"]
[Source "Chessbase"]
[SourceDate "2019.11.06"]
[SourceVersion "1"]
[SourceVersionDate "2019.11.06"]
[SourceQuality "1"]

1. e4 Nf6 2. e5 Nd5 3. d4 d6 4. c4 Nb6 5. exd6 cxd6 6. Nc3 g6 7. Nf3 Bg7 8. Be2 0-0 9. Be3 Nc6 10. 0-0 Bg4 11. b3 d5 12. Rc1 Bxf3 13. Bxf3 dxc4 14. d5 Ne5 15. Bxb6 Qxb6 16. bxc4 Nxc4 17. Qe2 Ne5 18. Na4 Qb4 19. Nc5 Rac8 20. Nd3 Nxf3+ 21. Qxf3 Qa3 22. Qe2 Rcd8 23. Rfe1 Rxd5 24. Nf4 Rd7 25. Rb1 Rfd8 26. Rb3 Qa5 27. Reb1 Qe5 28. g3 Qxe2 29. Nxe2 Rd1+ 30. Rxd1 Rxd1+ 31. Kg2 b6 32. a3 Be5 33. Re3 f6 34. f4 Bd6 35. Rc3 Ra1 36. Nd4 Bxa3 37. Rc8+ Kf7 38. Nb5 Bc5 39. Rc7 a5 40. Rd7 a4 41. Rd2 a3 42. Kh3 Rb1 43. Nc3 Rb3 0-1

[Event "COL-ch U14 Girls"]
[Site "Fusagasuga"]
[Date "2019.06.27"]
[Round "2"]
[White "Albor Rebolledo, Andrea Maria"]
[Black "Lopez Rayo, Isabella"]
[Result "1/2-1/2"]
[WhiteElo "1676"]
[BlackElo "1514"]
[PlyCount "115"]
[EventDate "2019.06.26"]
[EventType "tourn"]
[EventRounds "9"]
[EventCountry "COL"]
[SourceTitle "CBM 191 Extra"]
[Source "ChessBase"]
[SourceDate "2019.09.30"]
[SourceVersion "1"]
[SourceVersionDate "2019.09.30"]
[SourceQuality "1"]

1. e4 c5 2. Nf3 e6 3. d4 cxd4 4. Nxd4 a6 5. c4 Nf6 6. Nc3 Bb4 7. f3 Qc7 8. Be3 Nc6 9. Qd2 d6 10. Be2 0-0 11. 0-0 Ne5 12. b3 Qa5 13. Rfc1 d5 14. exd5 exd5 15. Rc2 Rd8 16. a3 Bxc3 17. Qxc3 Qxc3 18. Rxc3 dxc4 19. Bxc4 b5 20. Bd3 Bb7 21. Rc7 Nd5 22. Rxb7 Nxe3 23. Be4 Rxd4 24. Re7 Rad8 25. Rxe5 Rd2 26. Bxh7+ Kxh7 27. Rxe3 Rb2 28. f4 Rdd2 29. Rg3 Rf2 30. Rf1 Rfc2 31. f5 f6 32. h3 a5 33. Rd1 Rd2 34. Rc1 Rdc2 35. Rxc2 Rxc2 36. Rd3 Rb2 37. Kf1 Kg8 38. Re3 Kf7 39. Kg1 g6 40. fxg6+ Kxg6 41. Rd3 Kf7 42. Kh2 b4 43. axb4 axb4 44. Kg3 Rc2 45. Kf3 Ke6 46. Ke4 Rxg2 47. Rd4 Rh2 48. Rxb4 Rxh3 49. Rb6+ Ke7 50. Kd5 Rd3+ 51. Ke4 Rd6 52. Rb7+ Rd7 53. Rxd7+ Kxd7 54. Kd5 Kc7 55. b4 Kb6 56. Ke6 Kb5 57. Kxf6 Kxb4 58. Ke7 1/2-1/2

[Event "COL-ch U14 Girls"]
[Site "Fusagasuga"]
[Date "2019.06.26"]
[Round "1"]
[White "Albor Rebolledo, Andrea Maria"]
[Black "Mercado Maestre, Maria Angel"]
[Result "1-0"]
[WhiteElo "1676"]
[BlackElo "1414"]
[PlyCount "61"]
[EventDate "2019.06.26"]
[EventType "tourn"]
[EventRounds "9"]
[EventCountry "COL"]
[SourceTitle "CBM 191 Extra"]
[Source "ChessBase"]
[SourceDate "2019.09.30"]
[SourceVersion "1"]
[SourceVersionDate "2019.09.30"]
[SourceQuality "1"]

1. e4 e5 2. Nf3 Nc6 3. d4 exd4 4. Nxd4 Qf6 5. Be3 Bc5 6. c3 Qg6 7. Nd2 Nf6 8. Qe2 0-0 9. Nxc6 dxc6 10. Bxc5 Re8 11. 0-0-0 Nxe4 12. Nxe4 f5 13. Qd2 fxe4 14. h3 h5 15. Be2 Bf5 16. Be3 a5 17. g4 hxg4 18. hxg4 Be6 19. g5 Red8 20. Qxd8+ Qe8 21. Qxe8+ Rxe8 22. Bh5 Rc8 23. Bg6 Bxa2 24. Bh7+ Kf8 25. Bc5+ Kf7 26. Bxe4 Be6 27. f4 Bg4 28. Rd2 Re8 29. g6+ Kg8 30. Rdh2 Rxe4 31. Rh8# 1-0

[Event "South America School 24th"]
[Site "Arequipa"]
[Date "2018.12.05"]
[Round "5.2"]
[White "Kaslan, Victoria"]
[Black "Albor Rebolledo, Andrea Maria"]
[Result "1-0"]
[WhiteElo "1399"]
[BlackElo "1653"]
[PlyCount "144"]
[EventDate "2018.12.03"]
[EventType "team-swiss"]
[EventRounds "9"]
[EventCountry "PER"]
[SourceTitle "EXT 2024"]
[Source "ChessBase"]
[SourceDate "2023.10.10"]
[SourceVersion "1"]
[SourceVersionDate "2023.10.10"]
[SourceQuality "1"]
[WhiteTeam "Surinam U14"]
[BlackTeam "Colombia U14"]
[WhiteTeamCountry "SUR"]
[BlackTeamCountry "COL"]

1. e4 e5 2. Nf3 Nc6 3. d4 exd4 4. Nxd4 Nf6 5. f3 Bc5 6. Be3 Bb6 7. Qd2 d6 8. Nxc6 bxc6 9. Na3 0-0 10. 0-0-0 Be6 11. Bc4 d5 12. Qc3 Qe7 13. exd5 cxd5 14. Bb3 c5 15. Bg5 d4 16. Qe1 Rfe8 17. Bxe6 Qxe6 18. Qxe6 Rxe6 19. Bxf6 Rxf6 20. Nc4 Bc7 21. Rd3 Re6 22. Kd1 Rae8 23. g3 h6 24. c3 Rd8 25. cxd4 cxd4 26. Re1 Rc6 27. b3 a5 28. Re4 a4 29. Rexd4 Rc8 30. Kd2 axb3 31. axb3 g6 32. Ke3 Kg7 33. Re4 Bb6+ 34. Nxb6 Rxb6 35. Rc4 Rcb8 36. Rcc3 g5 37. Kd2 Ra6 38. h4 gxh4 39. gxh4 Rg6 40. Rd4 Rg2+ 41. Ke3 h5 42. Kf4 Rg6 43. Rd5 Kh6 44. Rdd3 Rb4+ 45. Rc4 Rbb6 46. Rc5 Rb4+ 47. Rc4 Rbb6 48. b4 Rbf6+ 49. Ke3 Rg3 50. Kf2 Rgg6 51. b5 Rb6 52. Rc5 Kg7 53. Rdd5 Rh6 54. Rxh5 Rxh5 55. Rxh5 f6 56. Rc5 Kg6 57. Kg3 Kf7 58. Kf4 Ke7 59. h5 Kd7 60. Kf5 Ke7 61. Kg6 Kf8 62. h6 f5+ 63. Kg5 Ke7 64. h7 Rb8 65. Kg6 Ke6 66. Rxf5 Re8 67. b6 Rb8 68. Rf6+ Ke5 69. b7 Kd5 70. Rf7 Kc6 71. Kg7 Rxb7 72. Rxb7 Kxb7 1-0

[Event "COL-ch Superate Intercol U14 Girls"]
[Site "Barranquilla"]
[Date "2018.11.21"]
[Round "7.1"]
[White "Manzano Gomez, Valentina"]
[Black "Albor Rebolledo, Andrea Maria"]
[Result "1/2-1/2"]
[WhiteElo "1618"]
[BlackElo "1624"]
[PlyCount "38"]
[EventDate "2018.11.19"]
[EventType "swiss"]
[EventRounds "7"]
[EventCountry "COL"]
[SourceTitle "EXT 2024"]
[Source "ChessBase"]
[SourceDate "2023.10.10"]
[SourceVersion "1"]
[SourceVersionDate "2023.10.10"]
[SourceQuality "1"]

1. c4 e5 2. Nc3 Nc6 3. g3 Bc5 4. Bg2 a6 5. d3 d6 6. Nf3 Nf6 7. 0-0 0-0 8. Bg5 h6 9. Bh4 Nb8 10. Ne4 Nbd7 11. Bxf6 Nxf6 12. Nxc5 dxc5 13. Nxe5 Qd4 14. Nf3 Qxb2 15. a4 Qb6 16. Rb1 Qd6 17. Qc2 Rb8 18. Rfd1 Re8 19. e4 Ng4 1/2-1/2

[Event "COL-ch Superate Intercol U14 Girls"]
[Site "Barranquilla"]
[Date "2018.11.20"]
[Round "5.1"]
[White "Largo Chaparro, Sofia Alejandra"]
[Black "Albor Rebolledo, Andrea Maria"]
[Result "0-1"]
[WhiteElo "1476"]
[BlackElo "1624"]
[PlyCount "76"]
[EventDate "2018.11.19"]
[EventType "swiss"]
[EventRounds "7"]
[EventCountry "COL"]
[SourceTitle "EXT 2024"]
[Source "ChessBase"]
[SourceDate "2023.10.10"]
[SourceVersion "1"]
[SourceVersionDate "2023.10.10"]
[SourceQuality "1"]

1. d4 Nf6 2. Nf3 g6 3. Bf4 Bg7 4. e3 0-0 5. h3 d6 6. c4 Nbd7 7. Nc3 b6 8. Be2 Bb7 9. 0-0 Ne4 10. Bd3 Nxc3 11. bxc3 e5 12. dxe5 dxe5 13. Bh2 e4 14. Be2 exf3 15. Bxf3 Bxf3 16. Qxf3 Ne5 17. Qe2 Qd3 18. Qe1 Nxc4 19. Rd1 Qxc3 20. Qxc3 Bxc3 21. Rc1 Nd2 22. Rxc3 Nxf1 23. Kxf1 c5 24. Ke2 Rfd8 25. Rc4 Rac8 26. Ra4 a5 27. Ra3 c4 28. Rc3 b5 29. a3 b4 30. axb4 axb4 31. Rc1 f6 32. Rd1 Rxd1 33. Kxd1 b3 34. Kc1 c3 35. Bd6 Ra8 36. Kd1 Ra1+ 37. Ke2 b2 38. Kf3 b1Q 0-1

[Event "COL-ch School U11 Girls"]
[Site "Bogota"]
[Date "2015.11.20"]
[Round "2.2"]
[White "Albor Rebolledo, Andrea Maria"]
[Black "Sarmiento, Erika Daniela"]
[Result "1-0"]
[WhiteElo "1500"]
[BlackElo "1417"]
[PlyCount "42"]
[EventDate "2015.11.19"]
[EventType "swiss"]
[EventRounds "6"]
[EventCountry "COL"]
[SourceTitle "EXT 2024"]
[Source "ChessBase"]
[SourceDate "2023.10.10"]
[SourceVersion "1"]
[SourceVersionDate "2023.10.10"]
[SourceQuality "1"]

1. e4 e5 2. Nc3 Nf6 3. g3 Nc6 4. Bg2 Bc5 5. Nge2 d6 6. 0-0 Bg4 7. h3 Be6 8. d3 h6 9. Nd5 Nd4 10. Nxd4 Bxd4 11. c3 Bb6 12. Nxb6 axb6 13. b3 0-0 14. d4 c5 15. dxe5 dxe5 16. c4 Qc8 17. Kh2 Rd8 18. Qe2 Rd6 19. Bb2 Qd7 20. Rfd1 Rxd1 21. Rxd1 Qe7 1-0

[Event "COL-ch U10 Girls"]
[Site "Medellin"]
[Date "2015.04.29"]
[Round "4.3"]
[White "Albor Rebolledo, Andrea Maria"]
[Black "Suarez Ardila, Luisa Maria"]
[Result "1/2-1/2"]
[WhiteElo "1641"]
[BlackElo "1522"]
[PlyCount "40"]
[EventDate "2015.04.28"]
[EventType "swiss"]
[EventRounds "11"]
[EventCountry "COL"]
[SourceTitle "EXT 2024"]
[Source "ChessBase"]
[SourceDate "2023.10.10"]
[SourceVersion "1"]
[SourceVersionDate "2023.10.10"]
[SourceQuality "1"]

1. e4 e5 2. Nc3 Nf6 3. g3 Bc5 4. Qe2 d6 5. h3 Nc6 6. Bg2 Nd4 7. Qd1 0-0 8. Nge2 Be6 9. 0-0 Qd7 10. Kh2 Bc4 11. d3 Be6 12. Bg5 Ne8 13. Nxd4 Bxd4 14. a3 h6 15. Bd2 f5 16. f3 Bxc3 17. Bxc3 fxe4 18. fxe4 Rxf1 19. Qxf1 Nf6 20. Qe2 Nh7 1/2-1/2

[Event "COL-ch School U11 Girls"]
[Site "Ibague"]
[Date "2014.11.22"]
[Round "4.2"]
[White "Suarez Ardila, Luisa Maria"]
[Black "Albor Rebolledo, Andrea Maria"]
[Result "0-1"]
[WhiteElo "1537"]
[BlackElo "1591"]
[PlyCount "98"]
[EventDate "2014.11.20"]
[EventType "swiss"]
[EventRounds "5"]
[EventCountry "COL"]
[SourceTitle "EXT 2024"]
[Source "ChessBase"]
[SourceDate "2023.10.10"]
[SourceVersion "1"]
[SourceVersionDate "2023.10.10"]
[SourceQuality "1"]

1. e4 e6 2. Nf3 Nc6 3. Nc3 Bb4 4. a3 Bxc3 5. dxc3 d5 6. exd5 exd5 7. Bb5 Bg4 8. Bxc6+ bxc6 9. Qe2+ Qe7 10. Qxe7+ Nxe7 11. Bf4 Rc8 12. 0-0 0-0 13. h3 Bxf3 14. gxf3 Nf5 15. Be3 a6 16. Kh2 Rfe8 17. Rae1 Re6 18. Rg1 Rce8 19. Bd2 Rxe1 20. Rxe1 Rxe1 21. Bxe1 g6 22. Bd2 Kf8 23. Bf4 Nd6 24. Bxd6+ cxd6 25. Kg3 Ke7 26. Kf4 Kf6 27. h4 h6 28. b3 g5+ 29. hxg5+ hxg5+ 30. Kg4 Kg6 31. f4 f5+ 32. Kf3 gxf4 33. Kxf4 Kf6 34. c4 dxc4 35. bxc4 a5 36. f3 a4 37. c3 Ke6 38. Kg5 Ke5 39. f4+ Ke4 40. Kf6 Kxf4 41. Ke6 Kg4 42. Kxd6 f4 43. Kxc6 f3 44. Kb5 f2 45. c5 f1Q+ 46. Kxa4 Qc4+ 47. Ka5 Qxc5+ 48. Ka6 Qxa3+ 49. Kb5 Qxc3 0-1